Загрузка...

Marketing research: a south asian perspective /

Библиографические подробности
Главный автор: Churchill, Gilbert A
Другие авторы: Iacobucci, Dawn ., Israel,D
Опубликовано: Australia : Cengage Learning , 2009.
Предметы:
LEADER 00845cam a2200193ua 4500
020 |a 9788131510193 
082 1 4 |a 658.83   |b CHU-M 
100 1 |a Churchill, Gilbert A . 
245 1 0 |a Marketing research: a south asian perspective /  
260 |a Australia :   |b Cengage Learning ,   |c 2009. 
300 |a 687p ;  
650 0 |a Marketing research 
700 1 |a Iacobucci, Dawn . 
700 1 |a Israel,D. 
942 |c BB 
999 |c 51866  |d 51866 
952 |0 0  |1 0  |4 0  |6 658_830000000000000_CHUM  |7 0  |9 65705  |a KU  |b KU  |d 2018-06-19  |g 450.00  |l 0  |o 658.83 CHU-M  |p MB06787  |r 2018-06-19  |w 2018-06-19  |y BB 
952 |0 0  |1 0  |4 0  |6 658_830000000000000_CHUM  |7 0  |9 65706  |a KU  |b KU  |d 2018-06-19  |g 450.00  |l 0  |o 658.83 CHU-M  |p MB06785  |r 2018-06-19  |w 2018-06-19  |y BB 
952 |0 0  |1 0  |4 0  |6 658_830000000000000_CHUM  |7 0  |9 65707  |a KU  |b KU  |d 2018-06-19  |g 450.00  |l 0  |o 658.83 CHU-M  |p MB06786  |r 2018-06-19  |w 2018-06-19  |y BB